<?xml version="1.0" encoding="UTF-8"?>
<record
    xmlns:xsi="http://www.w3.org/2001/XMLSchema-instance"
    xsi:schemaLocation="http://www.loc.gov/MARC21/slim http://www.loc.gov/standards/marcxml/schema/MARC21slim.xsd"
    xmlns="http://www.loc.gov/MARC21/slim">

  <leader>00543nam a2200181Ia 4500</leader>
  <controlfield tag="005">20250122020006.0</controlfield>
  <controlfield tag="008">160910s9999    xx            000 0 und d</controlfield>
  <datafield tag="020" ind1=" " ind2=" ">
    <subfield code="a">978-81-8360-184-9</subfield>
  </datafield>
  <datafield tag="040" ind1=" " ind2=" ">
    <subfield code="c">SGVU Library</subfield>
  </datafield>
  <datafield tag="041" ind1=" " ind2=" ">
    <subfield code="c">English.</subfield>
  </datafield>
  <datafield tag="100" ind1=" " ind2=" ">
    <subfield code="a">Michael, AM</subfield>
    <subfield code="9">33088</subfield>
  </datafield>
  <datafield tag="245" ind1=" " ind2=" ">
    <subfield code="a">Principles of Agricultural Engineering ,Surveying. Irrigation.Drainage Soil.etc</subfield>
    <subfield code="c">By A M Michael</subfield>
  </datafield>
  <datafield tag="260" ind1=" " ind2=" ">
    <subfield code="a">Jodhpur</subfield>
    <subfield code="b">Jain Brothers,New Delhi</subfield>
    <subfield code="c">2016</subfield>
  </datafield>
  <datafield tag="300" ind1=" " ind2=" ">
    <subfield code="a">1123</subfield>
  </datafield>
  <datafield tag="520" ind1=" " ind2=" ">
    <subfield code="a">Agriculture</subfield>
  </datafield>
  <datafield tag="650" ind1=" " ind2=" ">
    <subfield code="a">Agriculture</subfield>
    <subfield code="9">21652</subfield>
  </datafield>
  <datafield tag="942" ind1=" " ind2=" ">
    <subfield code="c">BOOKS</subfield>
    <subfield code="k">631.3</subfield>
    <subfield code="0">2</subfield>
  </datafield>
  <datafield tag="999" ind1=" " ind2=" ">
    <subfield code="c">68612</subfield>
    <subfield code="d">68612</subfield>
  </datafield>
  <datafield tag="952" ind1=" " ind2=" ">
    <subfield code="0">0</subfield>
    <subfield code="1">0</subfield>
    <subfield code="2">ddc</subfield>
    <subfield code="4">0</subfield>
    <subfield code="7">0</subfield>
    <subfield code="a">SGVU</subfield>
    <subfield code="b">SGVU</subfield>
    <subfield code="d">2015-09-12</subfield>
    <subfield code="e">United Books Traders Jodhpur</subfield>
    <subfield code="g">625.00</subfield>
    <subfield code="l">2</subfield>
    <subfield code="o">631</subfield>
    <subfield code="p">G393</subfield>
    <subfield code="r">2025-02-03 14:04:48</subfield>
    <subfield code="s">2025-01-21</subfield>
    <subfield code="w">2016-09-18</subfield>
    <subfield code="y">BOOKS</subfield>
  </datafield>
</record>
